000 00600cam a2200181 4500500
005 20260405003948.0
041 _afre
042 _adc
100 1 0 _aPastorini, Chiara
_eauthor
245 0 0 _a“Pour être philosophe, faut-il faire de la philosophie ?”
260 _c2025.
500 _a70
690 _aChiara Pastorini
690 _aEnfant
690 _aPhilosopher avec les enfants
786 0 _nPhilosophie magazine | 193 | 10 | 2025-10-01 | p. 184-185 | 1951-1787
856 4 1 _uhttps://shs.cairn.info/magazine-philosophie-magazine-2025-10-page-184?lang=fr&redirect-ssocas=7080
999 _c2072476
_d2072476